00745nam a2200157Ia 4500008004100000020001800041082001900059100003000078245017000108260002200278300001000300500003400310650013000344952009600474999001700570120629s9999 xx 000 0 und d a970-704-043-2 a378.7235 A283c aAguilar Ávalos, Armando aPremio ANUIES 2002 tesis : el cambio de la política de admisión de estudiantes en la Universidad de Guadalajara y su implantación 1995-1999 / Armando Aguilar aMéxico : ANUIES a143 p aBibliografía y conclusiones a1. EDUCACION SUPERIOR-GUADALAJARA, JALISCO \ 2. UNIVERSIDADES PUBLICAS-MEXICO \ 3. MATRICULA ESCOLAR-GUADALAJARA, JALISCO Ì 00104070a15b15d2007-05-09l0o378.7235 A283Cp15 002186r2017-12-07t1w2012-06-28yLB c75855d75855